Statistical analysis and data display: an intermediate course with examples in S-plus, R, and SAS
Gorde:
| Egile Nagusiak: | , |
|---|---|
| Formatua: | Liburua |
| Hizkuntza: | ingelesa |
| Argitaratua: |
Nueva York
Springer
2004
|
| Saila: | Springer Texts in Statistics
|
| Gaiak: | |
| Etiketak: |
Etiketa erantsi
Etiketarik gabe, Izan zaitez lehena erregistro honi etiketa jartzen!
|
MARC
| LEADER | 00000nam a2200000 a 4500 | ||
|---|---|---|---|
| 001 | UCK6554 | ||
| 003 | CL-VaPUC | ||
| 008 | 051007e20040000US |||||||||||||||||eng|d | ||
| 020 | |a 0387402705 | ||
| 082 | 0 | 4 | |a 519.50285 |b HEI |2 21 |
| 100 | 0 | |a Heiberger, Richard M |e author |9 495931 | |
| 700 | 0 | |a Holland, Burt |e author |9 495932 | |
| 245 | 1 | 0 | |a Statistical analysis and data display: an intermediate course with examples in S-plus, R, and SAS |
| 300 | |a 729 p | ||
| 942 | |c BK | ||
| 945 | |d 20051007 00:00:00 |a jcarroza | ||
| 260 | |a Nueva York |b Springer |c 2004 | ||
| 650 | 0 | |a Estadísticas matemáticas |9 335044 | |
| 650 | 0 | |a Análisis estadístico |9 269506 | |
| 650 | 7 | |a SAS |2 CL-VaPUC |9 462470 | |
| 650 | 7 | |a SPSS |2 CL-VaPUC |9 362442 | |
| 650 | 0 | |a Aplicaciones de computación |9 572890 | |
| 650 | 0 | |a Software |9 387312 | |
| 583 | |a last modification |c 20051007 00:00:00 |k Rodrigo Vera | ||
| 490 | 0 | |a Springer Texts in Statistics | |
| 999 | |c 314831 |d 314829 | ||
| 952 | |0 0 |1 0 |4 0 |6 519_502850000000000_HEI_2004 |7 0 |8 A |9 387581 |a BIBGIM |b BIBGIM |d 2019-11-22 |i 4172167 |o 519.50285 HEI 2004 |p 4172167 |r 2025-01-15 |w 2019-11-22 |y BK |k EST | ||